000
00287nam a2200133Ia 4500
008
221030s9999 xx 000 0 und d
041
_a
English
100
_a
M. R. Anand
245
0
_a
Untouchable
_c
by M. R. Anand
250
_a
JAN 2016
260
_c
2016
650
_a
B
942
_c
BK
999
_c
16044
_d
16044